Zlepšenie procesov auditov vo vybranej spoločnosti

Na minha lista:
Detalhes bibliográficos
Autor principal: Jurovatý, Adam (Author)
Outros Autores: Buranská, Eva (Thesis advisor)
Formato: Manuscrito Livro
Idioma:eslovaco
Publicado em: 2025
Assuntos:
Acesso em linha:http://is.stuba.sk/zp/portal_zp.pl?podrobnosti=183733
Tags: Adicionar Tag
Sem tags, seja o primeiro a adicionar uma tag!

MARC

LEADER 00000ntm a22000003a 4500
001 stuzp105515
003 SK-STU
005 20250614213853.3
007 ta
008 150427s2015----xo-----f-mn---000-0-slo-d
040 |a STU  |b slo 
041 0 |a slo 
100 1 |a Jurovatý, Adam  |u 065000  |4 aut  |U MTF Materiálovotechnologická fakulta  |T MTF Ústav integrovanej bezpečnosti  |X 111511  |U M5000  |Y 85  |7 111511 
242 0 1 |a Improvement of Audit Processes in a Selected Company  |y eng 
245 1 0 |a Zlepšenie procesov auditov vo vybranej spoločnosti 
260 |c 2025 
650 4 |a digitalization  |2 eng 
650 4 |a corrective action  |2 eng 
650 4 |a risk  |2 eng 
650 4 |a internal audit  |2 eng 
650 4 |a audit  |2 eng 
650 4 |a audit  |2 slo 
650 4 |a digitalizácia  |2 slo 
650 4 |a riziko  |2 slo 
650 4 |a nápravné opatrenie  |2 slo 
650 4 |a interný audit  |2 slo 
700 1 |a Buranská, Eva  |u 065200  |k Z1  |4 ths  |U MTF Ústav integrovanej bezpečnosti  |T MTF Katedra bezpečnostného inžinierstva  |X 28428  |U M5200  |Y 192  |7 28428 
856 4 |u http://is.stuba.sk/zp/portal_zp.pl?podrobnosti=183733 
996 |c M* DP-15569  |l MMSKP  |s P  |a 0  |w stuzp105515_0001